Online katalóg knižníc regiónu Turca

Strieborná kniha rozprávok (Record no. 21350)

MARC details
000 -LEADER
fixed length control field 01922cam a2200529 a 4500
001 - CONTROL NUMBER
control field 21350
003 - CONTROL NUMBER IDENTIFIER
control field VRT
005 - DATE AND TIME OF LATEST TRANSACTION
control field 20260227150731.0
008 - FIXED-LENGTH DATA ELEMENTS--GENERAL INFORMATION
fixed length control field 240226s1990 xo jr 000 j slo
015 ## - NATIONAL BIBLIOGRAPHY NUMBER
National bibliography number SNBA1990/10
020 ## - INTERNATIONAL STANDARD BOOK NUMBER
International Standard Book Number 8021801743
Qualifying information (viazané)
035 ## - SYSTEM CONTROL NUMBER
System control number SNK000006347
035 ## - SYSTEM CONTROL NUMBER
System control number urn:nbn:sk:snk-amli2h
035 ## - SYSTEM CONTROL NUMBER
System control number urn:nbn:sk:snk-am00bofj
035 ## - SYSTEM CONTROL NUMBER
System control number 84F89004-0EA1-4088-B9FD-1C8514F4AC6E
039 #9 - LEVEL OF BIBLIOGRAPHIC CONTROL AND CODING DETAIL [OBSOLETE]
Level of rules in bibliographic description 202402262112
Level of effort used to assign nonsubject heading access points VLOAD
Level of effort used to assign subject headings 202310130800
Level of effort used to assign classification msnk181
Level of effort used to assign subject headings 202310101031
Level of effort used to assign classification msnk160
Level of effort used to assign subject headings 202310101014
Level of effort used to assign classification msnk160
040 ## - CATALOGING SOURCE
Original cataloging agency SNK
Language of cataloging slo
Transcribing agency SNK
Description conventions AACR2
041 1# - LANGUAGE CODE
Language code of text/sound track or separate title slo
Language code of original cze
044 ## - COUNTRY OF PUBLISHING/PRODUCING ENTITY CODE
MARC country code xo
ISO country code SK
072 #7 - SUBJECT CATEGORY CODE
Subject category code 821.162.3
Subject category code subdivision Česká literatúra
Source konspekt
072 #7 - SUBJECT CATEGORY CODE
Subject category code 821-93
Subject category code subdivision Literatúra pre deti a mládež (beletria)
Source konspekt
080 ## - UNIVERSAL DECIMAL CLASSIFICATION NUMBER
Universal Decimal Classification number 82=025
Edition identifier 2011
080 ## - UNIVERSAL DECIMAL CLASSIFICATION NUMBER
Universal Decimal Classification number 821.162.3-34
Edition identifier 2011
080 ## - UNIVERSAL DECIMAL CLASSIFICATION NUMBER
Universal Decimal Classification number 82-34:808.1
Edition identifier 2011
080 ## - UNIVERSAL DECIMAL CLASSIFICATION NUMBER
Universal Decimal Classification number 398.21
Edition identifier 2011
080 ## - UNIVERSAL DECIMAL CLASSIFICATION NUMBER
Universal Decimal Classification number 82-93-053.4/.5
Edition identifier 2011
100 1# - MAIN ENTRY--PERSONAL NAME
Personal name Němcová, Božena,
Dates associated with a name 1820-1862
Relationship aut
245 10 - TITLE STATEMENT
Title Strieborná kniha rozprávok
Statement of responsibility, etc. Božena Němcová ; ilustroval Štefan Cpin ; [z českého originálu preložila Elena Chmelová]
250 ## - EDITION STATEMENT
Edition statement 6. vyd.
260 ## - PUBLICATION, DISTRIBUTION, ETC.
Place of publication, distribution, etc. Bratislava
Name of publisher, distributor, etc. Spektrum
Date of publication, distribution, etc. 1990
300 ## - PHYSICAL DESCRIPTION
Extent 187 strán
Other physical details ilustrácie (niektoré farebné)
Dimensions 27 cm
366 ## - TRADE AVAILABILITY INFORMATION
Note 50000 kusov
500 ## - GENERAL NOTE
General note Ilustrácie na titulnom liste a predsádkach
500 ## - GENERAL NOTE
General note Preložené z češtiny
650 07 - SUBJECT ADDED ENTRY--TOPICAL TERM
Topical term or geographic name entry element literárne adaptácie
Source of heading or term SNKPH
655 #7 - INDEX TERM--GENRE/FORM
Genre/form data or focus term české rozprávky
Source of term SNKPH
655 #7 - INDEX TERM--GENRE/FORM
Genre/form data or focus term autorské rozprávky
Source of term SNKPH
655 #7 - INDEX TERM--GENRE/FORM
Genre/form data or focus term ľudové rozprávky
Source of term SNKPH
655 #7 - INDEX TERM--GENRE/FORM
Genre/form data or focus term literatúra pre deti a mládež
Source of term SNKPH
700 1# - ADDED ENTRY--PERSONAL NAME
Personal name Cpin, Štefan,
Dates associated with a name 1919-1971
Relationship ill
700 1# - ADDED ENTRY--PERSONAL NAME
Personal name Chmelová, Elena,
Dates associated with a name 1920-1995
Relationship trl
942 ## - ADDED ENTRY ELEMENTS (KOHA)
Source of classification or shelving scheme Dewey Decimal Classification
Koha item type Krásna literatúra pre deti
Suppress in OPAC No
949 ## - LOCAL PROCESSING INFORMATION (OCLC)
6 17A0149926
a snkSB 47548 D1
949 ## - LOCAL PROCESSING INFORMATION (OCLC)
6 17A0873564
a snkSB 47548
b snkKSP 437/91
s 6100:20160606
949 ## - LOCAL PROCESSING INFORMATION (OCLC)
6 270001000016971
a svkbbC 31276
b svkbbm 555594
Holdings
Stav vyradenia Strata Poškodenie Spôsob nadobudnutia Domovská knižnica Aktuálna knižnica Dátum nadobudnutia Total checkouts Čiarový kód exemplára Date last seen Typ exemplára
      Dar Obecná knižnica Horná Štubňa Obecná knižnica Horná Štubňa 27.02.2026   4736201517 27.02.2026 Krásna literatúra pre deti
Projekt je podporený Slovenskou asociáciou knižníc
Prevádzkuje Turčianska knižnica Martin 2026